000 00526nam a2200169 a 4500
005 20140310183139.0
008 020821s19uu xx 00 eng d
050 _aHD 69
_b.Ab118 1991
100 _aAbasolo, Pacita Arguelles
245 _aPersonnel management :
_bthe efficient management of employees /
_cPacita Arguelles Abasolo.
260 _aManila :
_bGIC Enterprises & CO., Inc.,
_c1991.
300 _a333 p. :
_c23 cm.
521 _aBSBA
650 _aPersonnel management
942 _cBK
_2lcc
_kLOC
999 _c19350
_d19350